书目信息 |
| 题名: |
儿童艺术治疗心理学
|
|
| 作者: | 林昆辉 著 | |
| 分册: | ||
| 出版信息: | 北京 电子工业出版社 2016.01 |
|
| 页数: | 156页 | |
| 开本: | 23cm | |
| 丛书名: | 语言心理量化咨询学派林昆辉先生心理学原著 | |
| 单 册: | ||
| 中图分类: | B844.1 , R749.055 | |
| 科图分类: | ||
| 主题词: | 儿童心理学--艺术心理学--精神疗法 | |
| 电子资源: | ||
| ISBN: | 978-7-121-27803-7 | |
| 000 | 01212oam2 2200301 450 | |
| 001 | 0120161774575 | |
| 005 | 20160606165733.10 | |
| 010 | @a978-7-121-27803-7@dCNY35.00 | |
| 100 | @a20160217d2016 em y0chiy50 ea | |
| 101 | 0 | @achi |
| 102 | @aCN@b110000 | |
| 105 | @aak z 000yy | |
| 106 | @ar | |
| 200 | 1 | @a儿童艺术治疗心理学@9er tong yi shu zhi liao xin li xue@f林昆辉著 |
| 210 | @a北京@c电子工业出版社@d2016.01 | |
| 215 | @a156页@c图@d23cm | |
| 225 | 2 | @a语言心理量化咨询学派林昆辉先生心理学原著@v6 |
| 312 | @a封面英文题名:Children's art psycology | |
| 330 | @a艺术治疗的核心疗效,是创造——美感的作品。面对美感的作品,儿童超越创伤,超越过去的自我,获得崭新的积极的自我观与世界观。而在毕生生涯发展历程中,儿童也将操作“创造美感作品的能力”来面对、重构与超越生活与生命的创伤。本书通过儿童游戏、亲子游戏及艺术等方式进行心理学研究与个案治疗。 | |
| 333 | @a儿童艺术治疗师 | |
| 461 | 0 | @12001 @a语言心理量化咨询学派林昆辉先生心理学原著@v6 |
| 510 | 1 | @aChildren's art psycology@zeng |
| 606 | 0 | @a儿童心理学@x艺术心理学@x精神疗法 |
| 690 | @aB844.1@v5 | |
| 690 | @aR749.055@v5 | |
| 701 | 0 | @a林昆辉@9lin kun hui@4著 |
| 801 | 0 | @aCN@b人天书店@c20160217 |
| 905 | @b878308-13@dB844.1@e1324@f6 | |
| 儿童艺术治疗心理学/林昆辉著.-北京:电子工业出版社,2016.01 |
| 156页:图;23cm.-(语言心理量化咨询学派林昆辉先生心理学原著;6) |
| 使用对象:儿童艺术治疗师 |
| ISBN 978-7-121-27803-7:CNY35.00 |
| 艺术治疗的核心疗效,是创造——美感的作品。面对美感的作品,儿童超越创伤,超越过去的自我,获得崭新的积极的自我观与世界观。而在毕生生涯发展历程中,儿童也将操作“创造美感作品的能力”来面对、重构与超越生活与生命的创伤。本书通过儿童游戏、亲子游戏及艺术等方式进行心理学研究与个案治疗。 |
| ● |
| 相关链接 |
|
|
|
|
正题名:儿童艺术治疗心理学
索取号:B844.1/1324
 
预约/预借
| 序号 | 登录号 | 条形码 | 馆藏地/架位号 | 状态 | 备注 |
| 1 | 878308 | 208783084 | 第一样本阅览室/ [索取号:B844.1/1324] | 在馆 | |
| 2 | 878309 | 208783093 | 教育系资料室/ [索取号:B844.1/1324] | 在馆 | |
| 3 | 878310 | 208783100 | 教育系资料室/ [索取号:B844.1/1324] | 在馆 | |
| 4 | 878311 | 208783119 | 教育系资料室/ [索取号:B844.1/1324] | 在馆 | |
| 5 | 878312 | 208783128 | 第一借阅区/ [索取号:B844.1/1324] | 在馆 | |
| 6 | 878313 | 208783137 | 第一借阅区/ [索取号:B844.1/1324] | 在馆 |